1755 1914 1030 1589 1591 1555 1410 1696 1137 1821 1479 1007 1958 1069 1773 1115 1005 1221 1378 1673 1447 1059 1878 1349 1775 1020 1619 1641 1199 1360 1596 1500 1505 1637 1532 1854 1538 1835 1668 1429 1354 1696 1478 1550 1046 1649 1386 1243 1870 1776 1190 1380 1541 1142 1399 1651 1020 1726 1683 1175 1185 1371 1973 1463 1495 1244 1868 1413 1840 1618 1125 1992 1615 1644 1993 1027 1643 1750 1013 1457 1451 1194 1326 1727 1161 1404 1613 1433 1113 1527 1897 1284 1954 1154 1247 1476 1313 1016 1276 BCNSPRNW ULIB Ver.6.0+V

เปลี่ยนเป็นภาษาไทย

Change to English
 แสดงรายละเอียดบรรณานุกรม
  กลับหน้าหลัก

Brief Record : Get Marc (ISO 2709) : E-mail record : QR code < ปิดหน้าต่าง
LEADER : 00000nam 2200000uu 4500
001    13399122683
003     ULIB
008    130828s2013||||th 000 0 eng d
020    ^a9781455707362
060 00 ^aWY 20.5^bB967P
100 1  ^aBurns, Nancy
245 14 ^aThe practice of nursing research :^bappraisal, synthesis,and generation of evidence /^cNancy Burns, Susan K. Grove.
250    ^a 7th ed.
260    ^aSt. Louis, Mo. :^bSaunders/Elsevier,^cc2013.
300    ^axviii, 732 p. :^bill. (some col.) ;^c25 cm.
504    ^aIncludes bibliographical references and index.
650  0 ^aNursing^xResearch^xMethodology.
650  0 ^aEvidence-based nursing.
650  2 ^aNursing Research.
650  2 ^aEvidence-Based Medicine.
700 10 ^aGrove, Susan K.,^ejt. auth
945    ^p2950^l0^i033944
999    ^aเกษร โพธิ์สุวรรณ
รายการนี้ยังไม่มีแท็ก
คุณยังไม่ได้ล็อกอิน คุณสามารถมีกิจกรรมร่วมกับเว็บไซต์ได้ แต่ต้องล็อกอินก่อน ::
  ล็อกอิน

รายการสื่อสารสนเทศ

ลำดับที่ ประเภท เลขเรียก/บาร์โค้ด สถานที่ สถานะ
1. Book การพยาบาล
Book การพยาบาล
WY 20.5 B967P  
  Barcode: 033944
ห้องสมุดวิทยาเขตสวรรค์ประชารักษ์
►หนังสือทั่วไป
บนชั้น

รายการใกล้เคียง
    ผู้แต่ง [Burns, Nancy]

    หัวเรื่อง [Evidence-based nursing.]
    หัวเรื่อง [Nursing Research.]
    หัวเรื่อง [Evidence-Based Medicine.]

BibComment


ยังไม่เคยถูกคอมเมนท์

คอมเมนท์ทรัพยากรรายการนี้
  คอมเมนท์: The practice of ..


 Copyright 2026. Bcnsprnw @Library